000 00444nam a2200157 4500
001 116497
003 ES-MaACL
005 20230906190722.0
007 t|
008 061121s1913 fr r ||||1| fre d
100 1 _aPaulhan, Frédéric (
_d1856-1931)
_989647
245 1 2 _aL'esthétique du paysage /
_cpar Fr. Paulhan.
260 _aParis :
_bLibrairie Félix Alcan,
_c1913.
300 _a214 p. ;
_c19 x 12 cm.
852 _aES-MaACL
_jF-11666
999 _c116497
_d116497